• 首页
  • 本馆介绍
  • 公告通知
  • 最新文献
  • 馆藏检索
  • 电子资源
  • 读者导购
  • 参考咨询
  • 我的图书馆
  • 登录
  • 详细信息显示
  • 放入我的书架
  • 预约/预借图书
  • 作者相关作品
  • 分类相关作品
  • 丛书相关作品
  • 出版社相关作品

书目信息

  • 表格格式
  • 工作单格式
  • 卡片格式
题名:
天线
    
 
作者: 克劳斯 , 马赫夫克 著 ;章文勋 译
分册:  
出版信息: 北京   电子工业出版社  2017
页数: 343页
开本: 26cm
丛书名: 国外电子与通信教材系列
单 册:
中图分类: TN82
科图分类:
主题词: 天线--tian xian--教材
电子资源:
ISBN: 978-7-121-30780-5
000 01453nam 2200349 45
001 012001001026
005 20140107110111.0
010    @a978-7-121-30780-5@b上册@dCNY69.00
099    @aCAL 012017145661
100    @a20170906d2017 em y0chiy50 ea
101 1  @achi@ceng
102    @aCN@b110000
105    @aak a 000yy
106    @ar
200 1  @a天线@Atian xian@d= Antennas: for all applications@f(美) John D. Kraus, Ronald J. Marhefka著@g章文勋译@zeng
210    @a北京@c电子工业出版社@d2017
215    @a343页@c图@d26cm
225 2  @a国外电子与通信教材系列@Aguo wai dian zi yu tong xin jiao cai xi lie
305    @a据原书第3版译出
306    @a由麦格劳-希尔教育出版 (亚洲) 公司授权出版
314    @a责任者Kraus汉译姓: 克劳斯取自在版编目数据 ; 责任者Marhefka汉译姓: 马赫夫克取自在版编目数据
320    @a有书目
330    @a本书分为上、下两册出版。上册为前12章, 介绍了天线的各种基础知识。下册为后12章, 详细展开了这些内容。上、下册的内容分别针对本科教学和研究生教学进行组织。书中包括大量实例和习题, 便于读者实践掌握。
410  0 @12001 @a国外电子与通信教材系列
500 10 @aAntennas : for all applications@mChinese
606 0  @a天线@Atian xian@j教材
690    @aTN82@v5
701  1 @a克劳斯@Ake lao si@g(Kraus, John Daniel),@f1910-2004@4著
701  1 @a马赫夫克@Ama he fu ke@g(Marhefka, Ronald J.)@4著
702  0 @a章文勋@Azhang wen xun@4译
801  0 @aCN@b北京卓展文化@c20191020
905    @b1201326-8@dTN82@e35@f3
    
    天线= Antennas: for all applications/(美) John D. Kraus, Ronald J. Marhefka著/章文勋译.-北京:电子工业出版社,2017
    343页:图;26cm.-(国外电子与通信教材系列)
    
    
    ISBN 978-7-121-30780-5(上册):CNY69.00
    本书分为上、下两册出版。上册为前12章, 介绍了天线的各种基础知识。下册为后12章, 详细展开了这些内容。上、下册的内容分别针对本科教学和研究生教学进行组织。书中包括大量实例和习题, 便于读者实践掌握。
●
相关链接 在E读中查询图书 在五车中查询图书 在当当中查询图书 在豆瓣中查询图书


正题名:天线     索取号:TN82/35         预约/预借

序号 登录号 条形码 馆藏地/架位号 状态 备注
1 1201326   212013266   第二样本阅览室/ [索取号:TN82/35] 在馆    
2 1201327   212013275   第三借阅区/ [索取号:TN82/35] 在馆    
3 1201328   212013284   第三借阅区/ [索取号:TN82/35] 在馆    
唐山师范学院图书馆 欢迎您!
大连网信软件有限公司© 版权所有